[Event "SWE-chT 0708"]
[Site "Sweden"]
[Date "2008.03.09"]
[Round "11"]
[White "Norberg, Erik"]
[Black "Jakobsen, Ole"]
[Result "1/2-1/2"]
[WhiteElo "2281"]
[BlackElo "2374"]
[PlyCount "97"]
[EventDate "2007.10.19"]
[EventType "team-tourn"]
[EventRounds "11"]
[EventCountry "SWE"]
[SourceTitle "EXT 2009"]
[Source "ChessBase"]
[SourceDate "2008.11.26"]
[SourceVersion "1"]
[SourceVersionDate "2008.11.26"]
[SourceQuality "1"]
[WhiteTeam "Vasteras"]
[BlackTeam "Astorp"]
[WhiteTeamCountry "SWE"]
[BlackTeamCountry "SWE"]

1. c4 e5 2. Nc3 Nf6 3. g3 d5 4. cxd5 Nxd5 5. Bg2 Nb6 6. Nf3 Nc6 7. d3 Be7 8. 0-0 0-0 9. Bd2 Be6 10. Rc1 Qd7 11. a3 f6 12. Ne4 Nd4 13. Nxd4 exd4 14. Qc2 c6 15. Nc5 Bxc5 16. Qxc5 Rfe8 17. Rfe1 Bg4 18. e4 dxe3 19. Bxe3 Qxd3 20. Qb4 Be2 21. Bxb6 axb6 22. Qxb6 Qd7 23. h3 Bh5 24. Qc5 Qd2 25. Rf1 Be2 26. Rc2 Qd3 27. Rfc1 Rad8 28. Qc3 Bd1 29. Qxd3 Rxd3 30. Rc4 Rd2 31. b4 Ba4 32. Re4 Kf7 33. Rce1 Rxe4 34. Bxe4 g6 35. Re3 Bb5 36. g4 Re2 37. Rxe2 Bxe2 38. f4 h6 39. Kf2 Bd1 40. Ke3 Ba4 41. Kd4 b6 42. h4 Kg7 43. g5 hxg5 44. hxg5 Kf7 45. Bd3 Bd1 46. b5 Bf3 47. a4 cxb5 48. axb5 Bg2 49. Bc4+ 1/2-1/2

[Event "SWE-chT 0708"]
[Site "Sweden"]
[Date "2008.03.08"]
[Round "10"]
[White "Cmilyte, Viktorija"]
[Black "Jakobsen, Ole"]
[Result "0-1"]
[WhiteElo "2525"]
[BlackElo "2374"]
[PlyCount "78"]
[EventDate "2007.10.19"]
[EventType "team-tourn"]
[EventRounds "11"]
[EventCountry "SWE"]
[SourceTitle "EXT 2009"]
[Source "ChessBase"]
[SourceDate "2008.11.26"]
[SourceVersion "1"]
[SourceVersionDate "2008.11.26"]
[SourceQuality "1"]
[WhiteTeam "Stockholm Rockaden"]
[BlackTeam "Astorp"]
[WhiteTeamCountry "SWE"]
[BlackTeamCountry "SWE"]

1. d4 g6 2. c4 Bg7 3. Nf3 c5 4. d5 f5 5. g3 Nf6 6. Bg2 d6 7. 0-0 Na6 8. Nc3 0-0 9. e4 fxe4 10. Ng5 Nc7 11. Ncxe4 h6 12. Nxf6+ exf6 13. Ne6 Nxe6 14. dxe6 Bxe6 15. Bxb7 Rb8 16. Bd5 Qd7 17. Qg4 f5 18. Qxg6 Bxd5 19. cxd5 Rf6 20. Qh5 Qf7 21. Qf3 Rg6 22. Rb1 Rb4 23. Rd1 Re4 24. Be3 h5 25. b3 h4 26. Rbc1 hxg3 27. fxg3 Rgg4 28. Kg2 Bd4 29. Bxd4 cxd4 30. Rf1 Qxd5 31. Kg1 Rg5 32. Rcd1 Qe5 33. Rd3 Kg7 34. Kg2 Kf7 35. Rf2 Re3 36. Qd1 Qe4+ 37. Rf3 Rg4 38. Kf2 d5 39. Rxd4 Rxf3+ 0-1

[Event "Gibraltar Masters 6th"]
[Site "Gibraltar"]
[Date "2008.01.27"]
[Round "6"]
[White "Jakobsen, Ole"]
[Black "Arakhamia Grant, Ketevan"]
[Result "0-1"]
[WhiteElo "2372"]
[BlackElo "2457"]
[PlyCount "88"]
[EventDate "2008.01.22"]
[EventType "swiss"]
[EventRounds "10"]
[EventCountry "ENG"]
[SourceTitle "CBM 122 Extra"]
[Source "ChessBase"]
[SourceDate "2008.03.04"]
[SourceVersion "1"]
[SourceVersionDate "2008.03.04"]
[SourceQuality "1"]

1. d4 Nf6 2. c4 g6 3. Nc3 Bg7 4. e4 d6 5. f3 0-0 6. Nge2 c5 7. d5 e6 8. Bg5 h6 9. Be3 exd5 10. cxd5 a6 11. a4 Nbd7 12. Ng3 Nh7 13. Be2 h5 14. 0-0 h4 15. Nh1 f5 16. Qd2 Qf6 17. exf5 gxf5 18. f4 Qg6 19. Nf2 Ndf6 20. Bd3 Bd7 21. Kh1 Rae8 22. a5 Kh8 23. Rae1 Re7 24. Rg1 Qh6 25. Bc2 Rfe8 26. g3 hxg3 27. Rxg3 Nh5 28. Rh3 N7f6 29. Rg1 Ng4 30. Ncd1 Bf6 31. Nxg4 fxg4 32. f5 Qh7 33. Rxg4 Bxf5 34. Qe2 Bxc2 35. Rxh5 Qxh5 36. Rg8+ Kxg8 37. Qxh5 Bxd1 38. Qg6+ Bg7 39. Bh6 Bf3+ 40. Kg1 Rf8 41. Qxd6 Re1+ 42. Kf2 Re2+ 43. Kf1 Bg4+ 44. Bf4 Re4 0-1

[Event "Gibraltar Masters 6th"]
[Site "Gibraltar"]
[Date "2008.01.22"]
[Round "1"]
[White "Akobian, Varuzhan"]
[Black "Jakobsen, Ole"]
[Result "1-0"]
[WhiteElo "2599"]
[BlackElo "2372"]
[PlyCount "67"]
[EventDate "2008.01.22"]
[EventType "swiss"]
[EventRounds "10"]
[EventCountry "ENG"]
[SourceTitle "CBM 122 Extra"]
[Source "ChessBase"]
[SourceDate "2008.03.04"]
[SourceVersion "1"]
[SourceVersionDate "2008.03.04"]
[SourceQuality "1"]

1. d4 d6 2. Nf3 Nf6 3. c4 g6 4. Nc3 Bf5 5. Nh4 Bd7 6. e4 Bg7 7. Nf3 0-0 8. Be2 c5 9. d5 e6 10. 0-0 exd5 11. exd5 Bg4 12. Bf4 a6 13. h3 Bxf3 14. Bxf3 Qc7 15. Qd2 Nbd7 16. Rfe1 Rfe8 17. g4 Rxe1+ 18. Rxe1 Ne8 19. Kg2 Ne5 20. Be2 Qa5 21. Qc2 b5 22. cxb5 axb5 23. Bxb5 Nc7 24. a4 Nxd5 25. Bd2 Nb4 26. Qe4 Qd8 27. Nd5 Nxd5 28. Qxd5 Ra7 29. f4 Nd7 30. Qxd6 Bf8 31. Qd5 Bg7 32. Bc3 Bxc3 33. bxc3 Qc8 34. Re7 1-0

[Event "Wch Seniors 17th"]
[Site "Gmunden"]
[Date "2007.09.28"]
[Round "11"]
[White "Pushkov, Nikolai"]
[Black "Jakobsen, Ole"]
[Result "1/2-1/2"]
[WhiteElo "2515"]
[BlackElo "2381"]
[PlyCount "166"]
[EventDate "2007.09.17"]
[EventType "swiss"]
[EventRounds "11"]
[EventCountry "AUT"]
[SourceTitle "CBM 120 Extra"]
[Source "ChessBase"]
[SourceDate "2007.11.01"]
[SourceVersion "1"]
[SourceVersionDate "2007.11.01"]
[SourceQuality "1"]

1. d4 d6 2. Nf3 Nf6 3. c4 g6 4. Nc3 Bf5 5. Bg5 Bg7 6. e3 h6 7. Bh4 Nbd7 8. h3 g5 9. Bg3 c5 10. Bd3 Bxd3 11. Qxd3 Qb6 12. b3 0-0 13. 0-0 Nh5 14. Bh2 f5 15. Rad1 Qd8 16. d5 Qa5 17. Rc1 a6 18. Nd2 f4 19. Qg6 fxe3 20. fxe3 Rxf1+ 21. Nxf1 Nhf6 22. e4 Nf8 23. Qf5 N6d7 24. e5 Nxe5 25. Ne3 Neg6 26. Qd3 Bd4 27. Kh1 Bxe3 28. Qxe3 Nh7 29. h4 Qc7 30. Re1 Rf8 31. Qe6+ Kg7 32. h5 Rf6 33. Qe4 Ne5 34. Bxe5 dxe5 35. Ne2 Nf8 36. Ng3 Nd7 37. Nf5+ Kf8 38. Re2 b5 39. Ne3 Qd6 40. Qh7 e4 41. Nf5 Qe5 42. Qh8+ Kf7 43. Nxh6+ Rxh6 44. Qxh6 Nf6 45. Qg6+ Kf8 46. Re1 Qf4 47. Kg1 e3 48. Qc2 Ke8 49. Qe2 Ng4 50. Qf3 Qh2+ 51. Kf1 Qxh5 52. Ke2 bxc4 53. bxc4 Qh4 54. Rb1 Nf6 55. Rc1 Qh2 56. Qh3 Qf4 57. Qxe3 Qg4+ 58. Kf1 Qh4 59. d6 Qh1+ 60. Ke2 Qxg2+ 61. Kd3 Kf7 62. Qxe7+ Kg6 63. Rc2 Qf3+ 64. Qe3 Qf5+ 65. Kc3 Ne4+ 66. Kb3 Nxd6 67. Qd2 Ne4 68. Qd3 g4 69. Re2 Nf6 70. Kc3 Kg5 71. Qxf5+ Kxf5 72. Kd3 g3 73. Ke3 Kg4 74. Rb2 Kh3 75. Kf3 Ng4 76. Re2 Nh2+ 77. Ke4 g2 78. Rxg2 Kxg2 79. Kd5 Nf3 80. a4 Nd2 81. Kxc5 Kf3 82. Kd5 Nxc4 83. Kxc4 Ke4 1/2-1/2

[Event "Wch Seniors 17th"]
[Site "Gmunden"]
[Date "2007.09.27"]
[Round "10"]
[White "Jakobsen, Ole"]
[Black "Sawadkuhi, Massoud Amir"]
[Result "1-0"]
[WhiteElo "2381"]
[BlackElo "2235"]
[PlyCount "85"]
[EventDate "2007.09.17"]
[EventType "swiss"]
[EventRounds "11"]
[EventCountry "AUT"]
[SourceTitle "CBM 120 Extra"]
[Source "ChessBase"]
[SourceDate "2007.11.01"]
[SourceVersion "1"]
[SourceVersionDate "2007.11.01"]
[SourceQuality "1"]

1. d4 Nf6 2. Nf3 c5 3. d5 b5 4. Bg5 d6 5. e4 Nxe4 6. Bxb5+ Nd7 7. Nbd2 Nxd2 8. Qxd2 h6 9. Be3 Rb8 10. c4 a6 11. Bc6 g6 12. 0-0 Bg7 13. Rab1 Kf8 14. b4 Rxb4 15. Rxb4 cxb4 16. Qxb4 Kg8 17. Ba4 Kh7 18. Nd4 Bf6 19. Nc6 Qf8 20. Rb1 Qg7 21. f4 Bc3 22. Qb3 f5 23. Rd1 Bb2 24. Qd3 Nc5 25. Bxc5 dxc5 26. Re1 Bf6 27. Qe3 Bd7 28. Qxc5 Bxc6 29. Qxc6 Bc3 30. Rd1 Bd4+ 31. Kh1 Rb8 32. Bb3 a5 33. Qc7 Rf8 34. c5 a4 35. Bxa4 Be3 36. Bb3 g5 37. fxg5 hxg5 38. d6 exd6 39. cxd6 Qxc7 40. dxc7 Rc8 41. Rd7+ Kg6 42. g3 f4 43. Rd6+ 1-0

[Event "Wch Seniors 17th"]
[Site "Gmunden"]
[Date "2007.09.23"]
[Round "6"]
[White "Jakobsen, Ole"]
[Black "Titz, Heimo"]
[Result "1-0"]
[WhiteElo "2381"]
[BlackElo "2236"]
[PlyCount "87"]
[EventDate "2007.09.17"]
[EventType "swiss"]
[EventRounds "11"]
[EventCountry "AUT"]
[SourceTitle "CBM 120 Extra"]
[Source "ChessBase"]
[SourceDate "2007.11.01"]
[SourceVersion "1"]
[SourceVersionDate "2007.11.01"]
[SourceQuality "1"]

1. d4 Nf6 2. c4 e6 3. Nf3 b6 4. Nc3 Bb7 5. a3 Be7 6. d5 0-0 7. e4 exd5 8. cxd5 Re8 9. Bd3 c6 10. 0-0 a5 11. Bf4 cxd5 12. exd5 Na6 13. Bc2 Nh5 14. Be3 g6 15. Qd2 Nc5 16. Rab1 Na6 17. Rfe1 Rc8 18. Nd4 Nf6 19. Bb3 Nc5 20. Ba2 Nfe4 21. Nxe4 Nxe4 22. Qd1 Bf6 23. f3 Nc5 24. b4 axb4 25. axb4 Na6 26. Nb5 d6 27. Qd2 Qd7 28. Qd3 Nc7 29. Nxc7 Qxc7 30. Rec1 Qd8 31. Bc4 Re5 32. f4 Re7 33. Qd2 Rb8 34. Re1 Bc8 35. Bb5 Bf5 36. Rbc1 Bd7 37. Bc6 Bf5 38. Bd4 Re4 39. Rxe4 Bxe4 40. Re1 Bxd4+ 41. Qxd4 f5 42. Ra1 Qh4 43. Bd7 Kf8 44. Be6 1-0

[Event "Wch Seniors 17th"]
[Site "Gmunden"]
[Date "2007.09.19"]
[Round "3"]
[White "Zelkind, Eduard"]
[Black "Jakobsen, Ole"]
[Result "1-0"]
[WhiteElo "2211"]
[BlackElo "2381"]
[PlyCount "145"]
[EventDate "2007.09.17"]
[EventType "swiss"]
[EventRounds "11"]
[EventCountry "AUT"]
[SourceTitle "CBM 120 Extra"]
[Source "ChessBase"]
[SourceDate "2007.11.01"]
[SourceVersion "1"]
[SourceVersionDate "2007.11.01"]
[SourceQuality "1"]

1. e4 c5 2. Nc3 Nc6 3. g3 g6 4. Bg2 Bg7 5. d3 d6 6. Be3 Rb8 7. Qd2 b5 8. Nge2 b4 9. Nd1 e5 10. a3 a5 11. axb4 axb4 12. 0-0 Nge7 13. f4 Nd4 14. Nc1 Qc7 15. c3 bxc3 16. bxc3 Ndc6 17. f5 f6 18. g4 g5 19. Ne2 Rf8 20. Ng3 Rf7 21. Nh5 Bf8 22. Qa2 Bb7 23. Qe6 Bg7 24. Nxg7+ Rxg7 25. Qxf6 Ng8 26. Qe6+ Kf8 27. Bf2 Bc8 28. Qa2 Nf6 29. Ne3 Qd8 30. Qa4 Bd7 31. Rfb1 Be8 32. h3 Rgb7 33. Qd1 Bf7 34. Rxb7 Rxb7 35. Rb1 Ra7 36. Qd2 Ra2 37. Rb2 Rxb2 38. Qxb2 Qb8 39. Qd2 Qb1+ 40. Kh2 Qa2 41. Qxa2 Bxa2 42. Bf3 Bb3 43. Kg3 h6 44. Bg2 Kf7 45. Be1 Nd7 46. Bd2 Kf6 47. h4 Nb6 48. hxg5+ hxg5 49. Kf2 Nd8 50. Bf3 c4 51. dxc4 Bxc4 52. Be2 Bb3 53. Bb5 Nf7 54. c4 Na4 55. Bc6 Nc5 56. Bd5 Ke7 57. Ke2 Nh6 58. Bc1 Kf6 59. Kd2 Ba4 60. Ba3 Ke7 61. Kc3 Bd7 62. Bc1 Be8 63. Ba8 Kf7 64. Ba3 Ke7 65. Bd5 Bd7 66. Kb4 Nd3+ 67. Ka5 Nf2 68. Kb6 Nhxg4 69. Nxg4 Nxg4 70. Kc7 Ba4 71. Bxd6+ Kf6 72. Kd8 Kg7 73. Ke7 1-0

[Event "Wch Seniors 17th"]
[Site "Gmunden"]
[Date "2007.09.17"]
[Round "1"]
[White "Cordioli, Lourenco Joao"]
[Black "Jakobsen, Ole"]
[Result "0-1"]
[WhiteElo "2035"]
[BlackElo "2381"]
[PlyCount "80"]
[EventDate "2007.09.17"]
[EventType "swiss"]
[EventRounds "11"]
[EventCountry "AUT"]
[SourceTitle "CBM 120 Extra"]
[Source "ChessBase"]
[SourceDate "2007.11.01"]
[SourceVersion "1"]
[SourceVersionDate "2007.11.01"]
[SourceQuality "1"]

1. d4 d6 2. c4 Nf6 3. Nc3 Bf5 4. g3 g6 5. Bg2 Qc8 6. e4 Bg4 7. f3 Be6 8. d5 Bd7 9. Be3 c5 10. dxc6 Nxc6 11. Rc1 Bg7 12. Nge2 Bh3 13. 0-0 Bxg2 14. Kxg2 0-0 15. Nd5 Re8 16. c5 dxc5 17. Rxc5 b6 18. Rc1 Qb7 19. b4 e6 20. Nxf6+ Bxf6 21. Qd6 Rac8 22. b5 Na5 23. Rxc8 Rxc8 24. Rc1 Nc4 25. Qd3 Nxe3+ 26. Qxe3 Rxc1 27. Qxc1 Qd7 28. Qc4 Qd2 29. h4 h5 30. Kf2 Be7 31. Qc8+ Kh7 32. Qc1 Bc5+ 33. Kf1 Qxa2 34. Qf4 Qa1+ 35. Kg2 Kg7 36. e5 Qb2 37. Qe4 Qxb5 38. g4 Qb4 39. Qd3 hxg4 40. h5 Qa3 0-1

[Event "Andorra op 25th"]
[Site "Andorra"]
[Date "2007.07.05"]
[Round "6"]
[White "Arizmendi Martinez, Julen Luis"]
[Black "Jakobsen, Ole"]
[Result "1/2-1/2"]
[WhiteElo "2525"]
[BlackElo "2379"]
[PlyCount "35"]
[EventDate "2007.06.30"]
[EventType "swiss"]
[EventRounds "9"]
[EventCountry "AND"]
[SourceTitle "CBM 119 Extra"]
[Source "ChessBase"]
[SourceDate "2007.09.04"]
[SourceVersion "1"]
[SourceVersionDate "2007.09.04"]
[SourceQuality "1"]

1. e4 c5 2. Nc3 e6 3. Nf3 a6 4. d4 cxd4 5. Nxd4 Qc7 6. Bd3 Nf6 7. Qe2 d6 8. f4 Nbd7 9. Nf3 Nc5 10. Bd2 Be7 11. 0-0 b5 12. b4 Nxd3 13. cxd3 Bb7 14. Rfc1 Qd8 15. a4 bxa4 16. Nxa4 0-0 17. Nd4 Rc8 18. Nb3 1/2-1/2

[Event "DEN-ch"]
[Site "Aalborg"]
[Date "2007.04.08"]
[Round "9"]
[White "Jakobsen, Ole"]
[Black "Rasmussen, Casper"]
[Result "1/2-1/2"]
[WhiteElo "2379"]
[BlackElo "2327"]
[PlyCount "105"]
[EventDate "2007.03.31"]
[EventType "swiss"]
[EventRounds "9"]
[EventCountry "DEN"]
[SourceTitle "CBM 117 Extra"]
[Source "ChessBase"]
[SourceDate "2007.05.09"]
[SourceVersion "1"]
[SourceVersionDate "2007.05.09"]
[SourceQuality "1"]

1. d4 d5 2. Nf3 Nf6 3. c4 c6 4. Qc2 a6 5. g3 g6 6. Bg2 Bg7 7. 0-0 0-0 8. Bf4 Nh5 9. Be5 f6 10. Bxb8 Rxb8 11. cxd5 Qxd5 12. Nc3 Qf7 13. e3 g5 14. Nd2 g4 15. f3 gxf3 16. Nxf3 Bh6 17. Rae1 Kh8 18. Qe2 Rg8 19. Ne5 Qe8 20. Nd3 Nxg3 21. hxg3 Rxg3 22. Rf3 Bg4 23. Rxg3 Bxe2 24. Rxe2 Qf7 25. b3 Qh5 26. Nf4 Qa5 27. Ne4 Rg8 28. Rxg8+ Kxg8 29. Bh3 f5 30. Ng3 Bxf4 31. exf4 Qc3 32. Bxf5 Qxd4+ 33. Kg2 Qc5 34. Be6+ Kg7 35. Nf5+ Kf6 36. Ng3 Kg7 37. f5 Qc1 38. Bc8 Qg5 39. Re6 Qd2+ 40. Kh3 Qb4 41. f6+ exf6 42. Re7+ Kh8 43. Rxb7 Qf8 44. Bf5 Qh6+ 45. Kg4 Qg5+ 46. Kf3 h6 47. Ra7 c5 48. Rxa6 h5 49. Ra8+ Kg7 50. Be6 Kh7 51. Ra7+ Kh8 52. Ra8+ Kh7 53. Ra7+ 1/2-1/2

[Event "DEN-ch"]
[Site "Aalborg"]
[Date "2007.04.07"]
[Round "8"]
[White "Jakobsen, Ole"]
[Black "Jaksland, Tim"]
[Result "1-0"]
[WhiteElo "2379"]
[BlackElo "2297"]
[PlyCount "69"]
[EventDate "2007.03.31"]
[EventType "swiss"]
[EventRounds "9"]
[EventCountry "DEN"]
[SourceTitle "CBM 117 Extra"]
[Source "ChessBase"]
[SourceDate "2007.05.09"]
[SourceVersion "1"]
[SourceVersionDate "2007.05.09"]
[SourceQuality "1"]

1. d4 Nf6 2. c4 Nc6 3. Nf3 e6 4. a3 g6 5. Nc3 Bg7 6. e4 d6 7. d5 Ne5 8. Nxe5 dxe5 9. Be2 0-0 10. Bg5 h6 11. Be3 exd5 12. cxd5 Ne8 13. Qd2 Kh7 14. 0-0 Nd6 15. f3 Bd7 16. Rac1 Qe7 17. Rc2 Rfc8 18. Rfc1 f5 19. a4 a6 20. b3 Bf6 21. Bd3 Bg5 22. exf5 Bxf5 23. Bxg5 hxg5 24. Ne4 Bxe4 25. Bxe4 a5 26. Qd3 Qf7 27. Rc5 Kh6 28. Qd2 Qf4 29. Qe1 Qf7 30. Qc3 Qf4 31. Qd3 Qf7 32. h3 Qf4 33. Bxg6 Rg8 34. Be4 Rac8 35. R1c2 1-0